| 000 | 00354pab a2200145 454500 | ||
|---|---|---|---|
| 008 | 180718b2002 xxu||||| |||| 00| 0 eng d | ||
| 100 | _aDasgupta, Subhoranjan | ||
| 245 | _aA novel protest against globalisation | ||
| 260 | _c2002 | ||
| 300 | _ap.50-60. | ||
| 362 | _aJan-Feb | ||
| 650 | _aGlobalization | ||
| 773 | _aSocial Scientist | ||
| 909 | _a52412 | ||
| 999 |
_c52412 _d52412 |
||